000 00918nas a2200325 4500
001 BR2013002793
003 BR-BrBNA
005 20231205122153.0
007 ta
008 230509b bl.|||p| |||| 00| 00por d
040 _aBR-BrBNA
_bpor
_cBiblioteca Nacional de Agricultura
041 _a(Pt)
072 _aH10
100 1 _aFernandes, D.R.R.
100 1 _aBená, D. de C.
100 1 _aLara, R.I.R.
100 1 _aIde, S.
100 1 _aPerioto, N.W.
245 1 _aNitidulidae (Coleoptera)associados a frutos de café (Coffea arabica L.)
650 _aCAFE
650 _aCAFEICULTURA
650 _aCOLEOPTERO
650 _aECOSSISTEMA
650 _aFRUTO
650 _aFLUTUAÇÃO POPULACIONAL
650 _aSAO PAULO
773 0 _tCoffee Science (Brazil)
_xISSN 1809-6875
_g(May-Aug 2012), v. 7(2) p. 135-138
_wBR2013002793
909 _a202311
_bLúcia
_c55
_dLúcia Elande
942 _2AGRIS
_n0
_cANA
999 _c227272
_d227272